000 01035nam a22002295i 4500
001 154015
003 ES-MaACL
005 20260217063015.0
008 001103s1889 fr abf |||| | fre d
040 _aCCPB | B
_bspa
_cCCPB | B
080 _a551.793
100 1 _aFalsan, Albert,
_d1833-1902
_9147550
245 1 3 _aLa période glaciaire
_b: étudiée principalement en France et en Suisse /
_cpar A. Falsan.
260 _aParis :
_bAncienne Librairie Germer Baillière et Cía., Félix Alcan,
_c1889 (
_eCoulommiers :
_fimp. Paul Brodard et Gallois)
300 _a364 p., [1] h. de grab., II h. de grab. pleg. ;
_c22 cm.
490 1 _aBibliothèque scientifique internationale ;
_v66
500 _aAvec 105 gravures dans le texte, et 2 planches hors texte.
650 0 4 _aEdad glaciar.
_912049
830 0 _aBibliothèque scientifique internationale ;
_v66
_9186949
852 _aES-MaACL
_jF-14395
_z-- Enc. editorial en tela
_z-- Enc. con 32 p. del catálogo editorial de octubre de 1888
999 _c154015
_d154015